[Event "10th European Teams w"]
[Site "Warsaw POL"]
[Date "2013.11.16"]
[Round "8.4"]
[White "Olsarova, Tereza"]
[Black "Zaksaite, Salomeja"]
[Result "1-0"]
[WhiteTitle "WIM"]
[BlackTitle "WIM"]
[WhiteElo "2248"]
[BlackElo "2200"]
[WhiteTeam "Czech Republic"]
[BlackTeam "Lithuania"]
[WhiteFideId "325449"]
[BlackFideId "12801496"]
[EventDate "2013.11.08"]

1. e4 c5 2. Nf3 Nc6 3. d4 cxd4 4. Nxd4 Nf6 5. Nc3 e5 6. Ndb5 d6 7. Bg5 a6 8. Na3
Be6 9. Nc4 Rc8 10. Ne3 Be7 11. g3 O-O 12. Bxf6 Bxf6 13. Bg2 Bg5 14. Ned5 Nd4 15.
O-O Bxd5 16. exd5 b5 17. f4 Bh6 18. Rf2 Qb6 19. Qd3 exf4 20. gxf4 Bxf4 21. Kh1
Be5 22. Raf1 Qd8 23. Bh3 Rc7 24. Nd1 b4 25. Ne3 Qh4 26. Ng4 Rxc2 27. Rxc2 Nxc2
28. Nxe5 dxe5 29. d6 Nd4 30. d7 a5 31. Rc1 g6 32. Rc8 f5 33. Re8 Nc6 34. Bf1
Qe4+ 35. Qxe4 fxe4 36. Bb5 Nd8 37. Rxe5 Kg7 38. Re7+ Kh6 39. Re8 Kg7 40. b3 Nb7
41. Bc6 Nd8 42. Bxe4 Kf7 43. Bd5+ Kg7 44. Kg2 g5 45. Kg3 h6 46. h3 h5 47. h4 g4
48. Kg2 Rh8 49. Kh2 Rf8 50. Kg3 Rh8 51. Kf4 Rf8+ 52. Ke5 g3 53. Kd6 Rf6+ 54. Ke7
Rf5 55. Rg8+ Kh7 56. Kxd8 Rxd5 57. Rxg3 Rd2 58. Re3 1-0

[Event "10th European Teams w"]
[Site "Warsaw POL"]
[Date "2013.11.16"]
[Round "8.4"]
[White "Batkovskyte, Dominyka"]
[Black "Sikorova, Olga"]
[Result "1/2-1/2"]
[BlackTitle "WIM"]
[WhiteElo "2111"]
[BlackElo "2278"]
[WhiteTeam "Lithuania"]
[BlackTeam "Czech Republic"]
[WhiteFideId "12803243"]
[BlackFideId "307033"]
[EventDate "2013.11.08"]

1. d4 Nf6 2. c4 g6 3. Nc3 d5 4. cxd5 Nxd5 5. Bd2 Bg7 6. e4 Nb6 7. Be3 Nc6 8. d5
Ne5 9. Bd4 O-O 10. f4 Ng4 11. Bxg7 Kxg7 12. Be2 e5 13. Bxg4 Qh4+ 14. g3 Qxg4 15.
Qxg4 Bxg4 16. h3 Bd7 17. O-O-O c6 18. d6 Rae8 19. Nf3 f6 20. b3 Nc8 21. Nh4 Rd8
22. Rd3 Be6 23. f5 gxf5 24. exf5 Bd5 25. Nxd5 cxd5 26. Rxd5 Rxd6 27. Rhd1 Rfd8
28. Rxd6 Rxd6 29. Nf3 Rxd1+ 30. Kxd1 Nd6 31. g4 Ne4 32. Ke1 h5 33. a3 Kh6 34.
Ke2 Nc3+ 35. Ke3 Nd5+ 36. Ke4 Nc3+ 37. Ke3 Nd5+ 38. Ke4 Nf4 39. g5+ fxg5 40.
Kxe5 Nxh3 41. b4 g4 42. Nh4 Ng5 43. Ng2 Kg7 44. Ne3 Kh6 45. Ng2 b5 46. Kd5 Nf3
47. Ke6 Ng5+ 48. Ke5 h4 49. Ne3 Kh5 50. f6 h3 51. Nf1 Kh4 52. Kf4 Ne6+ 53. Ke5
Nf8 54. Kf4 Ng6+ 55. Kf5 Nf8 56. Kf4 Kh5 57. Ng3+ Kg6 58. Kxg4 Kxf6 59. Kxh3 Ke5
60. Kg4 Ne6 61. Nf5 Nd4 62. Ne7 Ke4 63. Nc8 a6 64. Ne7 Nc2 65. Nc6 Nxa3 66. Nb8
a5 67. bxa5 b4 68. Na6 Nc4 1/2-1/2

[Event "10th European Teams w"]
[Site "Warsaw POL"]
[Date "2013.11.16"]
[Round "8.5"]
[White "L'Ami, Alina"]
[Black "Kadziolka, Beata"]
[Result "1-0"]
[WhiteTitle "WGM"]
[BlackTitle "WGM"]
[WhiteElo "2361"]
[BlackElo "2327"]
[WhiteTeam "Romania"]
[BlackTeam "Poland III"]
[WhiteFideId "1210246"]
[BlackFideId "1119990"]
[EventDate "2013.11.08"]

1. d4 f5 2. Nc3 d5 3. Bg5 c6 4. e3 Be6 5. Bd3 Nd7 6. Nf3 Ngf6 7. Bf4 g6 8. Ng5
Bg8 9. h4 Bg7 10. h5 h6 11. Nh3 g5 12. Bh2 e6 13. f3 Qe7 14. Qe2 Bf7 15. g4 fxg4
16. fxg4 e5 17. Bf5 e4 18. Bg3 Nb6 19. b3 Be6 20. Bg6+ Bf7 21. Bf5 Be6 22. Bg6+
Kd7 23. Nf2 Raf8 24. O-O-O a5 25. Nb5 Qb4 26. Nd6 a4 27. Nxb7 axb3 28. Nc5+ Ke7
29. cxb3 Ra8 30. Rd2 Qa3+ 31. Kb1 Nbd7 32. Nb7 Ne8 33. Rc1 Qb4 34. Nc5 Nxc5 35.
Rxc5 Bd7 36. Bf5 Nd6 37. Bxd6+ Kxd6 38. Rdc2 Rhc8 39. Nd1 Bxf5 40. gxf5 Kd7 41.
f6 Bxf6 42. Qg4+ Kd6 43. Qf5 Bxd4 44. Qg6+ Ke7 45. Qh7+ Ke8 46. exd4 Qxd4 47.
Nb2 Qf6 48. Qg6+ Qxg6 49. hxg6 Kd7 50. g7 Kd6 51. Na4 Rc7 52. Nb6 Re8 53. Nxd5
Rxg7 54. Nf6 Rc8 55. Nxe4+ Kd7 56. Nf6+ Kd6 57. Rxc6+ Rxc6 58. Ne8+ 1-0

[Event "10th European Teams w"]
[Site "Warsaw POL"]
[Date "2013.11.16"]
[Round "8.5"]
[White "Bartel, Marta"]
[Black "Foisor, Cristina-Adela"]
[Result "0-1"]
[WhiteTitle "WGM"]
[BlackTitle "IM"]
[WhiteElo "2308"]
[BlackElo "2347"]
[WhiteTeam "Poland III"]
[BlackTeam "Romania"]
[WhiteFideId "1123009"]
[BlackFideId "1200496"]
[EventDate "2013.11.08"]

1. d4 d5 2. c4 c6 3. Nf3 Nf6 4. e3 g6 5. Nc3 Bg7 6. Qb3 O-O 7. Bd2 e6 8. Be2
Nbd7 9. O-O Ne4 10. Be1 f5 11. Nd2 Nxc3 12. bxc3 Qe7 13. f4 b6 14. Nf3 Ba6 15.
Qa4 Bxc4 16. Bxc4 dxc4 17. Qxc6 Rfc8 18. Qa4 Qd6 19. Bh4 a6 20. Qc2 b5 21. Rab1
Nb6 22. Rfe1 Ra7 23. Bg5 Nd5 24. e4 fxe4 25. Rxe4 Rf7 26. Rbe1 Re8 27. Bh4 Bh6
28. g3 Rb7 29. Ne5 Bg7 30. g4 Qa3 31. Nc6 Qd6 32. Ne5 Bxe5 33. Rxe5 Nxf4 34. Bg3
Rf7 35. Bxf4 Rxf4 36. R1e4 Ref8 37. Rxf4 Rxf4 38. Qg2 Qa3 39. Re1 Qxc3 40. Qa8+
Kg7 41. Qb7+ Kh6 42. g5+ Kh5 43. Qxh7+ Kg4 44. h3+ Kg3 0-1

[Event "10th European Teams w"]
[Site "Warsaw POL"]
[Date "2013.11.16"]
[Round "8.5"]
[White "Voicu-Jagodzinsky, Carmen"]
[Black "Toma, Katarzyna"]
[Result "1/2-1/2"]
[WhiteTitle "WGM"]
[BlackTitle "WGM"]
[WhiteElo "2275"]
[BlackElo "2282"]
[WhiteTeam "Romania"]
[BlackTeam "Poland III"]
[WhiteFideId "1206729"]
[BlackFideId "1119907"]
[EventDate "2013.11.08"]

1. e4 c5 2. Nf3 Nc6 3. d4 cxd4 4. Nxd4 Nf6 5. Nc3 e5 6. Ndb5 d6 7. Bg5 a6 8. Na3
b5 9. Nd5 Be7 10. Bxf6 Bxf6 11. c4 b4 12. Nc2 O-O 13. g3 Bg5 14. h4 Bh6 15. Bh3
Be6 16. Kf1 Qa5 17. Kg2 Qc5 18. b3 Ra7 19. Qh5 Bxd5 20. exd5 Ne7 21. Qe2 f5 22.
Rhf1 a5 23. Qd3 g6 24. a4 Nc8 25. f3 Nb6 26. Rae1 Re7 27. Nd4 Rff7 28. Ne6 Qc8
29. g4 Rxe6 30. dxe6 Qxe6 31. Rd1 Bf8 32. h5 Nd7 33. Qd5 Nc5 34. Kh2 Qxd5 35.
Rxd5 Nxb3 36. gxf5 gxh5 37. Rg1+ Kh8 38. f4 exf4 39. Rf1 Nc5 40. Rxf4 Kg7 41.
Bg2 Kf6 42. Rf1 Ra7 43. Ra1 Kf7 44. Bf3 Bg7 45. Bxh5+ Kf8 46. Re1 Re7 47. Rf1
Bf6 48. Kg2 Rg7+ 49. Kf3 Be5 50. Bg4 Ke7 51. Rh1 b3 52. f6+ Kxf6 53. Rh6+ Kf7
54. Bf5 Rg1 55. Ke2 b2 56. Rd1 Rg2+ 57. Kf3 Rg3+ 58. Kf2 Rc3 59. Rxh7+ Kf6 60.
Bb1 Rxc4 61. Ke2 Rc1 62. Rhh1 Rxd1 63. Kxd1 Nxa4 64. Kc2 Nc5 65. Ba2 Kf5 66. Bd5
a4 67. Rf1+ Kg5 68. Rf8 Nd3 69. Rb8 Nc5 70. Ra8 Kf4 71. Bc6 Ke3 72. Bxa4 Nxa4
73. Rxa4 d5 74. Ra3+ Ke4 75. Rb3 Bd4 76. Rh3 Ke5 77. Rd3 Ke4 78. Rh3 Kf5 79. Rd3
Ke5 80. Rh3 Kd6 81. Rh4 Bc3 82. Rh6+ Kc5 83. Rh5 Kc4 84. Rh7 d4 85. Rc7+ Kd5 86.
Rd7+ Kc6 87. Rd8 Kb7 88. Rd5 Kc7 89. Rb5 Kd7 90. Rxb2 Bxb2 91. Kxb2 Ke6 92. Kc2
Ke5 93. Kd3 Kd5 94. Kd2 Ke4 95. Ke2 1/2-1/2

[Event "10th European Teams w"]
[Site "Warsaw POL"]
[Date "2013.11.16"]
[Round "8.6"]
[White "Kulon, Klaudia"]
[Black "Hoang, Thanh Trang"]
[Result "0-1"]
[WhiteTitle "WIM"]
[BlackTitle "GM"]
[WhiteElo "2276"]
[BlackElo "2511"]
[WhiteTeam "Poland Futures"]
[BlackTeam "Hungary"]
[WhiteFideId "1131044"]
[BlackFideId "12400149"]
[EventDate "2013.11.08"]

1. e4 e6 2. d4 d5 3. exd5 exd5 4. Bd3 Nc6 5. c3 Bd6 6. Ne2 Nge7 7. Bf4 Bg4 8. f3
Bf5 9. Qc2 Bxd3 10. Qxd3 Bxf4 11. Nxf4 Qd6 12. Ne2 O-O 13. O-O Rfe8 14. Na3 Ng6
15. Rfe1 h5 16. Nc2 h4 17. Ne3 Re6 18. Nf5 Qd7 19. g3 Rae8 20. Kf2 Rf6 21. g4
Nce7 22. Ne3 Nc8 23. Ng1 Nf4 24. Qd2 Nd6 25. Nf5 Rxe1 26. Rxe1 Nxf5 27. Qxf4 Nh6
28. Qg5 Nxg4+ 29. Kg2 h3+ 30. Nxh3 Rg6 31. Qh4 Ne3+ 32. Kh1 Rh6 33. Qf2 Rxh3 34.
Rxe3 Qf5 35. a3 c6 36. Kg2 Rh6 37. f4 Rg6+ 38. Rg3 Rf6 39. Rf3 Qe4 40. Qe3 Rg6+
41. Kf2 Qc2+ 42. Kf1 Qg2+ 43. Ke1 Re6 0-1

[Event "10th European Teams w"]
[Site "Warsaw POL"]
[Date "2013.11.16"]
[Round "8.6"]
[White "Wisniowska, Klaudia"]
[Black "Papp, Petra"]
[Result "0-1"]
[WhiteTitle "WFM"]
[BlackTitle "WGM"]
[WhiteElo "2153"]
[BlackElo "2300"]
[WhiteTeam "Poland Futures"]
[BlackTeam "Hungary"]
[WhiteFideId "1181238"]
[BlackFideId "739049"]
[EventDate "2013.11.08"]

1. e4 c5 2. Nf3 d6 3. d4 cxd4 4. Nxd4 Nf6 5. Nc3 a6 6. Be3 e5 7. Nb3 Be7 8. h3
O-O 9. g4 Be6 10. Qf3 a5 11. a4 Qc7 12. O-O-O Rc8 13. g5 Nfd7 14. Kb1 Na6 15. h4
Nb4 16. h5 Nb6 17. Bxb6 Qxb6 18. g6 Rxc3 19. gxf7+ Kf8 20. Qxc3 Rc8 21. Qg3 Qc6
22. c4 Qxe4+ 23. Bd3 Nxd3 24. Qxd3 Bf5 25. Qxe4 Bxe4+ 26. Ka2 Bxh1 27. Rxh1 Rxc4
28. Kb1 b6 29. Rc1 Rxc1+ 30. Kxc1 Kxf7 0-1

[Event "10th European Teams w"]
[Site "Warsaw POL"]
[Date "2013.11.16"]
[Round "8.6"]
[White "Rudolf, Anna"]
[Black "Kiolbasa, Oliwia"]
[Result "1-0"]
[WhiteTitle "WGM"]
[BlackTitle "WFM"]
[WhiteElo "2281"]
[BlackElo "1982"]
[WhiteTeam "Hungary"]
[BlackTeam "Poland Futures"]
[WhiteFideId "722855"]
[BlackFideId "1154613"]
[EventDate "2013.11.08"]

1. e4 e5 2. Bc4 Nf6 3. d3 Nc6 4. Nf3 Be7 5. O-O O-O 6. a4 d6 7. h3 Kh8 8. Nc3
Ng8 9. Nd5 f5 10. a5 a6 11. Qe2 fxe4 12. dxe4 Nf6 13. Nxe7 Qxe7 14. Bg5 Qe8 15.
Ra3 Qg6 16. Bxf6 gxf6 17. Qe3 Qh5 18. Kh2 Nd8 19. Rc3 Be6 20. Bb3 Rg8 21. Ng1
Bxb3 22. Rxb3 Ne6 23. Rxb7 Rg7 24. b4 Rag8 25. g3 f5 26. Qe2 Qf7 27. exf5 Qxf5
28. Qxa6 Qxc2 29. Qe2 Qc6 30. a6 Nf4 31. Qf3 Qxa6 32. b5 Qa2 33. gxf4 Rg3 34.
Qxg3 Rxg3 35. Kxg3 exf4+ 36. Kh2 Qc2 37. Nf3 Qe4 38. Rb8+ Kg7 39. Rg1+ Kh6 40.
Ng5 Qd4 41. Rh8 Qd3 42. Nxh7 1-0

[Event "10th European Teams w"]
[Site "Warsaw POL"]
[Date "2013.11.16"]
[Round "8.7"]
[White "Schut, Lisa"]
[Black "Efroimski, Marsel"]
[Result "0-1"]
[WhiteTitle "WIM"]
[BlackTitle "WIM"]
[WhiteElo "2333"]
[BlackElo "2313"]
[WhiteTeam "Netherlands"]
[BlackTeam "Israel"]
[WhiteFideId "1019481"]
[BlackFideId "2810964"]
[EventDate "2013.11.08"]

1. e4 c5 2. Nf3 d6 3. d4 cxd4 4. Nxd4 Nf6 5. Nc3 Nc6 6. Bg5 e6 7. Qd2 Be7 8.
O-O-O Nxd4 9. Qxd4 O-O 10. f4 h6 11. Bh4 Qa5 12. Bc4 Qh5 13. Bg3 Rd8 14. Kb1 Bd7
15. Rhf1 Rac8 16. f5 exf5 17. Rde1 fxe4 18. Nxe4 Bf5 19. Nc3 Rd7 20. Bb3 Bg6 21.
Bh4 Nd5 22. Nxd5 Bxh4 23. g3 Bd8 24. Ba4 b5 25. Bxb5 Rxc2 26. Ka1 Rb7 27. Re8+
Kh7 28. Ba4 Rcxb2 29. Bb3 Qf3 30. Qd1 Qxd1+ 31. Rxd1 R2xb3 32. axb3 Ba5 33. Kb2
Bh5 34. Rc1 Rb5 35. Nf4 Bd2 36. Rc4 Bd1 37. b4 Bxb4 38. Kc1 Ba4 39. Rec8 Ba3+
40. Kd2 Rb2+ 41. Kc3 Rb3+ 42. Kc2 Bb4 43. Kc1 a5 44. R8c7 Rf3 45. Ne6 Rf1+ 46.
Kb2 Rf2+ 47. Ka1 h5 48. Ng5+ Kg6 49. Rf4 Rxf4 50. gxf4 Bb3 51. Nf3 Bc5 52. Kb2
a4 53. Nh4+ Kf6 54. Nf3 Bd5 55. Ng5 a3+ 0-1

[Event "10th European Teams w"]
[Site "Warsaw POL"]
[Date "2013.11.16"]
[Round "8.7"]
[White "Klinova, Masha"]
[Black "Peng, Zhaoqin"]
[Result "1/2-1/2"]
[WhiteTitle "IM"]
[BlackTitle "GM"]
[WhiteElo "2291"]
[BlackElo "2378"]
[WhiteTeam "Israel"]
[BlackTeam "Netherlands"]
[WhiteFideId "2802015"]
[BlackFideId "1004786"]
[EventDate "2013.11.08"]

1. e4 c5 2. Nf3 e6 3. c3 d5 4. exd5 exd5 5. d4 Nc6 6. Bb5 Bd6 7. O-O Ne7 8. dxc5
Bxc5 9. Nbd2 O-O 10. Nb3 Bb6 11. Nbd4 Bg4 12. Be2 Re8 13. Bg5 Qd6 14. Qd2 Ng6
15. Rfe1 h6 16. Be3 Rad8 17. h3 Bxf3 18. Bxf3 Nce5 19. Be2 Nc4 20. Bxc4 dxc4 21.
Rad1 Nh4 22. Qe2 Bxd4 23. Rxd4 Qf6 24. Rxd8 Qxd8 25. Qxc4 Re6 26. Qf4 b5 27. Rc1
a6 28. c4 g5 29. Qd4 Rd6 30. Qe4 Re6 31. Qd4 Rd6 32. Qe4 Re6 33. Qd4 Rd6 34. Qe4 1/2-1/2

[Event "10th European Teams w"]
[Site "Warsaw POL"]
[Date "2013.11.16"]
[Round "8.7"]
[White "Lanchava, Tea"]
[Black "Vasiliev, Olga"]
[Result "1-0"]
[WhiteTitle "IM"]
[BlackTitle "WIM"]
[WhiteElo "2289"]
[BlackElo "2282"]
[WhiteTeam "Netherlands"]
[BlackTeam "Israel"]
[WhiteFideId "1005308"]
[BlackFideId "2807602"]
[EventDate "2013.11.08"]

1. d4 d5 2. Nf3 c6 3. e3 Nf6 4. Bd3 Bg4 5. Nbd2 Nbd7 6. h3 Bh5 7. g4 Bg6 8. Bxg6
hxg6 9. Ne5 Nxe5 10. dxe5 Nd7 11. Nf3 e6 12. Bd2 Nc5 13. Qe2 Qb6 14. b3 Ne4 15.
Kf1 Ba3 16. Kg2 O-O-O 17. Rab1 Bb4 18. Bxb4 Qxb4 19. a3 Qxa3 20. Ra1 Qc5 21. b4
Qxb4 22. Rxa7 Kc7 23. Rha1 Nc5 24. Qd1 Qe4 25. R1a5 Qc4 26. Qb1 Rb8 27. Ra3 Qe4
28. Qd1 f5 29. Qd4 fxg4 30. Qxc5 gxf3+ 31. Kg1 Qxe5 32. Qe7+ Kc8 33. R3a6 Rd8
34. Rb6 Rd7 35. Rxc6+ Qc7 36. Qe8+ Rd8 37. Qxe6+ Rd7 38. Rxc7+ Kxc7 39. Ra5 Rbd8
40. Rc5+ Kb8 41. Qe5+ Ka7 42. Ra5+ Kb6 43. Qc3 Rc7 44. Qb4+ Kc6 45. Qc5+ Kd7 46.
Qxd5+ Ke7 47. Qe5+ Kd7 48. Qxg7+ Kc6 49. Rc5+ 1-0

[Event "10th European Teams w"]
[Site "Warsaw POL"]
[Date "2013.11.16"]
[Round "8.7"]
[White "Shvayger, Yuliya"]
[Black "Haast, Anne"]
[Result "0-1"]
[WhiteTitle "WIM"]
[BlackTitle "WIM"]
[WhiteElo "2294"]
[BlackElo "2262"]
[WhiteTeam "Israel"]
[BlackTeam "Netherlands"]
[WhiteFideId "14100126"]
[BlackFideId "1017292"]
[EventDate "2013.11.08"]

1. e4 c5 2. Nf3 e6 3. Nc3 Nc6 4. Bb5 Nd4 5. O-O a6 6. Bd3 Ne7 7. Nxd4 cxd4 8.
Ne2 d5 9. e5 Nc6 10. f4 Nb4 11. a3 Nxd3 12. cxd3 Bd7 13. Kh1 Qb6 14. b4 a5 15.
Bb2 Be7 16. Bxd4 Qb5 17. Bc3 axb4 18. Bxb4 Bxb4 19. axb4 O-O 20. Qb3 Qb6 21. d4
Bb5 22. d3 Ra6 23. Qc3 Rfa8 24. f5 Bxd3 25. Rxa6 Bxa6 26. Ra1 exf5 27. Nf4 Rd8
28. Qc5 Qb5 29. Qxb5 Bxb5 30. Nxd5 Kf8 31. Nc3 Bd3 32. d5 Re8 33. Kg1 Rxe5 34.
Ra7 b5 35. d6 Ke8 36. Rb7 Bc4 37. Kf2 g6 38. g3 Re6 39. d7+ Kd8 40. Nxb5 Re2+
41. Kg1 Bxb5 42. Rxb5 Kxd7 43. Rb7+ Ke6 44. b5 Rb2 45. b6 h6 46. Rb8 h5 47. b7
Kf6 48. Kf1 Kg5 49. Rc8 Rxb7 50. Rc4 Rb2 51. h4+ Kf6 52. Rc7 f4 53. gxf4 Rb4 54.
Kf2 Rxf4+ 55. Kg3 Rg4+ 56. Kh3 Re4 0-1

[Event "10th European Teams w"]
[Site "Warsaw POL"]
[Date "2013.11.16"]
[Round "8.8"]
[White "Schleining, Zoya"]
[Black "Manakova, Maria"]
[Result "1-0"]
[WhiteTitle "WGM"]
[BlackTitle "WGM"]
[WhiteElo "2379"]
[BlackElo "2324"]
[WhiteTeam "Germany"]
[BlackTeam "Serbia"]
[WhiteFideId "4671660"]
[BlackFideId "927007"]
[EventDate "2013.11.08"]

1. d4 Nf6 2. Nf3 g6 3. Nbd2 d5 4. e3 Bg7 5. b4 a5 6. b5 c5 7. bxc6 Nxc6 8. Be2
O-O 9. Rb1 Qc7 10. a3 Bf5 11. Bb2 Ne4 12. Nxe4 Bxe4 13. O-O Na7 14. Bd3 Bxd3 15.
cxd3 Rfc8 16. Qb3 Qd6 17. a4 Rab8 18. Ba3 Qd7 19. Qb6 Nc6 20. Qb5 e6 21. Rfc1
Bf8 22. Bxf8 Kxf8 23. Kf1 b6 24. Rc2 Ke7 25. Rbc1 Nb4 26. Qxd7+ Kxd7 27. Ne5+
Kd8 28. Nxf7+ Kd7 29. Rxc8 Rxc8 30. Rxc8 Kxc8 31. Ke2 Kd7 32. Kd2 Nc6 33. Ne5+
Kd6 34. f4 Nd8 35. g4 Ke7 36. Kc3 Nb7 37. Nf3 Nd6 38. Ng5 h6 39. Nf3 Kf6 40. Ne5
Nc8 41. h3 Kg7 42. Nd7 Kf7 43. e4 Ke7 44. Ne5 Kf6 45. h4 Kg7 46. Nd7 Kf7 47. g5
h5 48. Kd2 Kg7 49. Nf6 Ne7 50. Ne8+ Kf8 51. Nc7 Kf7 52. Ke3 Nc8 53. f5 gxf5 54.
exd5 exd5 55. Nxd5 Ke6 56. Nc3 Ne7 57. d5+ Kd6 58. Kf4 Ng6+ 59. Kxf5 Nxh4+ 60.
Kf6 Kc5 61. g6 Nxg6 62. Kxg6 h4 63. Kf5 h3 64. Ke6 Kb4 65. Ne4 h2 66. Ng3 Kxa4
67. d6 b5 68. d7 b4 69. d8=Q b3 70. Qd4+ Ka3 71. Qc5+ Kb2 72. Qxa5 Kc2 73. d4 1-0

[Event "10th European Teams w"]
[Site "Warsaw POL"]
[Date "2013.11.16"]
[Round "8.8"]
[White "Michna, Marta"]
[Black "Rakic, Marija"]
[Result "0-1"]
[WhiteTitle "WGM"]
[BlackTitle "WIM"]
[WhiteElo "2357"]
[BlackElo "2291"]
[WhiteTeam "Germany"]
[BlackTeam "Serbia"]
[WhiteFideId "1106686"]
[BlackFideId "936286"]
[EventDate "2013.11.08"]

1. e4 c5 2. b3 g6 3. Bb2 Nf6 4. e5 Nd5 5. g3 Bg7 6. Bg2 Nc7 7. Qc1 Nc6 8. Nf3
O-O 9. O-O Rb8 10. Re1 b6 11. d3 Ne6 12. Nc3 Bb7 13. Nd5 Ncd4 14. Nxd4 Nxd4 15.
Bxd4 cxd4 16. Qf4 Bxd5 17. Bxd5 e6 18. Bg2 d6 19. exd6 Rc8 20. Rac1 Qd7 21. a4
Rfd8 22. Re2 Rc3 23. a5 bxa5 24. Ra1 Qb5 25. Ra4 Qb6 26. Qg5 Rc5 27. Qe7 Bf8 28.
Qf6 Qxd6 29. Qf3 Rdc8 30. Ra2 Qb6 31. Qb7 R5c7 32. Qe4 a4 33. Rxa4 Rxc2 34. Rxc2
Rxc2 35. Qxd4 Bc5 0-1

[Event "10th European Teams w"]
[Site "Warsaw POL"]
[Date "2013.11.16"]
[Round "8.9"]
[White "Ziaziulkina, Nastassia"]
[Black "Alexandrova, Olga"]
[Result "0-1"]
[WhiteTitle "WGM"]
[BlackTitle "IM"]
[WhiteElo "2350"]
[BlackElo "2427"]
[WhiteTeam "Belarus"]
[BlackTeam "Spain"]
[WhiteFideId "13505211"]
[BlackFideId "14102463"]
[EventDate "2013.11.08"]

1. e4 c6 2. d4 d5 3. Nc3 dxe4 4. Nxe4 Nf6 5. Nxf6+ exf6 6. c3 Bd6 7. Bd3 O-O 8.
Qc2 Re8+ 9. Ne2 h6 10. Be3 Nd7 11. O-O Nf8 12. Rfe1 Qc7 13. Ng3 Be6 14. c4 Rad8
15. a3 Bc8 16. Rad1 Bg4 17. Rc1 h5 18. Bf5 g6 19. Bd3 h4 20. Nf1 h3 21. g3 f5
22. f4 Be7 23. Nd2 Bf6 24. Nb3 b6 25. Qf2 Qd7 26. Be2 Re4 27. Bxg4 fxg4 28. Rcd1
Qf5 29. Bc1 Rxe1+ 30. Rxe1 Qd3 31. Re3 Qxc4 32. Rc3 Qd5 33. Be3 Ne6 34. Qc2 c5
35. dxc5 Bxc3 36. bxc3 bxc5 37. c4 Qf3 0-1

[Event "10th European Teams w"]
[Site "Warsaw POL"]
[Date "2013.11.16"]
[Round "8.9"]
[White "Matnadze, Ana"]
[Black "Stetsko, Lanita"]
[Result "1/2-1/2"]
[WhiteTitle "IM"]
[BlackTitle "FM"]
[WhiteElo "2373"]
[BlackElo "2226"]
[WhiteTeam "Spain"]
[BlackTeam "Belarus"]
[WhiteFideId "13601377"]
[BlackFideId "13505300"]
[EventDate "2013.11.08"]

1. d4 Nf6 2. Nf3 e6 3. e3 d5 4. Bd3 c5 5. b3 Nc6 6. O-O Qc7 7. Bb2 cxd4 8. exd4
Bd7 9. c4 Be7 10. Nc3 Nb4 11. Be2 dxc4 12. bxc4 O-O 13. a3 Nc6 14. Nb5 Qb6 15.
d5 Na5 16. d6 Bd8 17. Bd4 Qa6 18. a4 Bxb5 19. axb5 Qxd6 20. c5 Qd5 21. Bxf6 Qxd1
22. Rfxd1 gxf6 23. Ra3 Rc8 24. Rc1 b6 25. c6 Be7 26. Ra4 Rfd8 27. g4 Kf8 28. Rc2
Ke8 29. h4 h6 30. Kg2 Rd5 31. Nd2 Kd8 32. Rb2 Kc7 33. Bf3 Rd3 34. Be2 Rd5 35.
Nb3 Rcd8 36. Nxa5 bxa5 37. Rxa5 Bc5 38. Rba2 Kb8 39. R5a4 Rd2 40. Kf1 Rxa2 41.
Rxa2 Rd4 42. Rc2 Bb6 43. Kg2 f5 44. gxf5 Rxh4 45. fxe6 fxe6 46. Rc3 Rf4 47. Rf3 1/2-1/2

[Event "10th European Teams w"]
[Site "Warsaw POL"]
[Date "2013.11.16"]
[Round "8.9"]
[White "Nevioselaya, Maria"]
[Black "Hernandez Estevez, Yudania"]
[Result "1/2-1/2"]
[BlackTitle "WIM"]
[WhiteElo "2074"]
[BlackElo "2284"]
[WhiteTeam "Belarus"]
[BlackTeam "Spain"]
[WhiteFideId "13502280"]
[BlackFideId "2219344"]
[EventDate "2013.11.08"]

1. e4 e5 2. Nf3 Nf6 3. Nxe5 d6 4. Nf3 Nxe4 5. d4 d5 6. Bd3 Nc6 7. O-O Be7 8. Nc3
f5 9. Bf4 Be6 10. Nb5 Rc8 11. Ne5 Nxe5 12. dxe5 a6 13. Nd4 Qd7 14. Qh5+ g6 15.
Qh6 Bf8 16. Qh3 Bg7 17. Rad1 Nc5 18. Be2 Qe7 19. Rfe1 O-O 20. Bh6 Rcd8 21. Bxg7
Kxg7 22. Qa3 Rfe8 23. Bf3 c6 24. Re3 Bc8 25. g3 Ne4 26. Qxe7+ Rxe7 27. Bg2 g5
28. f4 Kg6 29. Nb3 Rg8 30. c3 Reg7 31. fxg5 Nxg5 32. Rf1 Re7 33. Nd4 Rge8 34.
Rfe1 Ne4 35. Nf3 Kg7 36. b4 Be6 37. Nd4 Bd7 38. Nf3 Rf8 39. a3 Be8 40. Rf1 Bh5
41. Nd4 Rxe5 42. c4 dxc4 43. Nxf5+ Rfxf5 44. Rfe1 Bf7 45. Bxe4 Rf6 46. Bc2 Rxe3
47. Rxe3 Rd6 48. Bf5 b5 49. Bc8 Rd2 50. Bxa6 Bd5 51. h4 Rb2 52. Bc8 Rb3 53. Kf2
c3 54. Bf5 Rxa3 55. Bc2 Bf7 56. Kf3 Bg6 57. Bxg6 hxg6 58. Re1 c2+ 59. Kf2 Kf6
60. Rc1 Rc3 61. Ke1 Kf5 62. Kd2 Rc4 63. Rf1+ Kg4 64. Kc1 Kxg3 65. Rg1+ Kf3 66.
Rxg6 Rxh4 67. Rxc6 Rxb4 68. Kxc2 Ke4 69. Kc3 Rb1 70. Rd6 Ke5 71. Rd8 Ke6 72. Rd4
Ke5 1/2-1/2

[Event "10th European Teams w"]
[Site "Warsaw POL"]
[Date "2013.11.16"]
[Round "8.9"]
[White "Nicolas Zapata, Irene"]
[Black "Beinenson, Katsiaryna"]
[Result "1-0"]
[WhiteTitle "WIM"]
[BlackTitle "WFM"]
[WhiteElo "2241"]
[BlackElo "1964"]
[WhiteTeam "Spain"]
[BlackTeam "Belarus"]
[WhiteFideId "22247270"]
[BlackFideId "13507044"]
[EventDate "2013.11.08"]

1. e4 c5 2. Nf3 Nc6 3. d4 cxd4 4. Nxd4 e5 5. Nb5 a6 6. Nd6+ Bxd6 7. Qxd6 Qe7 8.
Qxe7+ Ngxe7 9. Be3 d5 10. Bc5 dxe4 11. Nd2 b6 12. Ba3 f5 13. Nc4 b5 14. Nd6+ Kd7
15. Bc5 Nd4 16. O-O-O Kc6 17. b4 Ne6 18. Nf7 Nxc5 19. Nxh8 Be6 20. bxc5 Kxc5 21.
h4 Rxh8 22. Rh3 Nd5 23. Ra3 Ra8 24. c4 bxc4 25. Ra5+ Kd6 26. Bxc4 Rc8 27. Rdxd5+
Bxd5 28. Rxd5+ Ke7 29. Rxe5+ Kd6 30. Rd5+ Ke7 31. Rd4 Rc6 32. Kd2 Kf6 33. Bb3 1-0

[Event "10th European Teams w"]
[Site "Warsaw POL"]
[Date "2013.11.16"]
[Round "8.10"]
[White "Newrkla, Katharina"]
[Black "Makropoulou, Marina"]
[Result "1/2-1/2"]
[WhiteTitle "WFM"]
[BlackTitle "WGM"]
[WhiteElo "2173"]
[BlackElo "2234"]
[WhiteTeam "Austria"]
[BlackTeam "Greece"]
[WhiteFideId "1621629"]
[BlackFideId "4200187"]
[EventDate "2013.11.08"]

1. e4 c6 2. d4 d5 3. exd5 cxd5 4. c4 Nf6 5. Nc3 Nc6 6. Nf3 e6 7. cxd5 Nxd5 8.
Bd3 Be7 9. O-O b6 10. Bb5 Bd7 11. Nxd5 exd5 12. Bf4 a6 13. Bxc6 Bxc6 14. Rc1 Rc8
15. Ne5 Bb5 16. Rxc8 Qxc8 17. Re1 O-O 18. a4 Be8 19. Qb3 Qd8 20. Bd2 f6 21. Nd3
Bf7 22. Bb4 Bd6 23. Qa3 Bxb4 24. Qxb4 a5 25. Qd2 Qd6 26. h3 Rc8 27. Rc1 Re8 28.
Nf4 g5 29. Ne2 Qd7 30. Nc3 Rc8 31. Nb5 Rc4 32. b3 Rc6 33. Rxc6 Qxc6 34. Qc3 Qxc3
35. Nxc3 Kf8 36. Kf1 Ke7 37. Ke2 Kd6 38. g3 Bg6 39. Kd2 h6 40. Nd1 Bf5 41. h4
Ke6 1/2-1/2